Conversations avec Stockhausen

Збережено в:
Бібліографічні деталі
Автор: Cott, Jonathan (Автор)
Формат: Книга
Мова:Французька
Опубліковано: París J. C. Lattés 1979
Предмети:
Теги: Додати тег
Немає тегів, Будьте першим, хто поставить тег для цього запису!

MARC

LEADER 00000nam a2200000 a 4500
001 UCW2549
003 CL-VaPUC
005 20231024101952.0
008 921209e19790000FR |||||||||||||||||fre|d
999 |c 217087  |d 217085 
040 |c Pontificia Universidad Católica de Valparaíso 
082 0 4 |a 780.92 COT 1979  |2 21 
100 0 |a Cott, Jonathan  |e author  |9 306774 
245 1 0 |a Conversations avec Stockhausen 
260 |a París  |b J. C. Lattés  |c 1979 
300 |a 288 p 
583 |a last modification  |c 19921209 00:00:00  |k Rodrigo Vera 
600 0 |a Stockhausen, Karlheinz  |2 CL-VaPUC  |9 306775  |d 1928-2007 
650 0 |a Compositores alemanes  |2 CL-VaPUC  |9 324765 
651 0 |a República Federal de Alemania  |2 CL-VaPUC  |9 388524 
942 |c BK  |2 ddc 
945 |d 19921209 00:00:00 
952 |0 0  |1 0  |2 ddc  |4 0  |6 780_920000000000000_COT_1979  |7 0  |8 A  |9 203587  |a BIBEDU  |b BIBEDU  |d 2019-11-15  |i 2708205  |o 780.92 COT 1979  |p 2708205  |r 2022-01-17  |w 2019-11-15  |y BK  |k MUS